| 000 | 00552nam a22001817a 4500 | ||
|---|---|---|---|
| 005 | 20251108172758.0 | ||
| 008 | 250721s1996 xx 000 0 ara d | ||
| 082 | 1 | 4 | _a303.6409567/سوي |
| 100 | 1 | _aالسويدي، جمال سند | |
| 245 | 1 | 0 | _aحرب اليمن 1994 الأسباب و النتائج / |
| 250 | _aط 2 | ||
| 264 | 1 |
_aأبو ظبي : _bمركز الإمارات للدراسات، _c1996. |
|
| 300 | _a141 ص | ||
| 650 | 1 | 7 | _aالحرب الاهليه |
| 650 | 1 | 7 | _aتاريخ اليمن |
| 942 |
_2ddc _cBK |
||
| 999 |
_c88269 _d88269 |
||